Geography Quiz

Random Geography or City Quiz

Country by Third Largest City Quiz Stats

 Plays Quiz not verified by Sporcle

Support Sporcle.
Go Orange.
Score 0/12 Timer 02:00
0 Plays Today
Third Largest City Country % Correct
MeccaSaudi Arabia
96.4%
FaisalabadPakistan
86.3%
DurbanSouth Africa
83.5%
IncheonSouth Korea
82.2%
DnipropetrovskUkraine
79.4%
MalmöSweden
77.1%
BandungIndonesia
64.1%
Pattaya-Chon BuriThailand
63.5%
RosarioArgentina
60.6%
CaliColombia
58.8%
ErbilIraq
39.8%
KhulnaBangladesh
35.6%

You're not logged in!

Compare scores with friends on all Sporcle quizzes.
OR
Log In

From the Vault

NHL All Time Hockey Teams by Location

by jhlzq3

The NHL's history is just as wild as the rest of the Big 4 sports, only it's much, much colder.
Remove Ads.
Support Sporcle.
Get the best of Sporcle when you Go Orange. This ad-free experience offers more features, more stats, and more fun while also helping to support Sporcle. Thank you for becoming a member.

Show Comments

Extras

Top Quizzes Today


Score Distribution

Your Account Isn't Verified!

In order to create a playlist on Sporcle, you need to verify the email address you used during registration. Go to your Sporcle Settings to finish the process.

Report this User

Report this user for behavior that violates our Community Guidelines.

Details: